|
|
|
|
| LEADER |
00000naa2a2200000 4500 |
| 001 |
173888 |
| 005 |
20251110095738.0 |
| 035 |
|
|
|a (RuTPU)RU\TPU\book\188577
|
| 090 |
|
|
|a 173888
|
| 100 |
|
|
|a 20100111d2009 k y0rusy50 ca
|
| 101 |
0 |
|
|a rus
|
| 102 |
|
|
|a RU
|
| 200 |
1 |
|
|a Аналоговое моделирование картин электромагнитных полей на основе переходных процессов
|f О. В. Васильева, Ю. Н. Исаев
|
| 320 |
|
|
|a Библиогр.: 4 назв.
|
| 463 |
|
0 |
|0 (RuTPU)RU\TPU\book\182682
|y 978-5-398-00226-3
|t Энергетика. Инновационные направления в энергетике. CALS-технологии в энергетике
|o материалы II Всероссийской научно-технической интернет-конференции
|f Академия электротехнических наук Российской Федерации ; Пермский государственный технический университет, Научно-образовательный центр энергосбережения ; Энергетика. Инновационные направления в энергетике. CALS-технологии в энергетике, Всероссийская научно-техническая интернет-конференция
|v С. 137-141
|d 2009
|p 240 с.
|
| 610 |
1 |
|
|a электромагнитные поля
|
| 610 |
1 |
|
|a аналоговое моделирование
|
| 610 |
1 |
|
|a метод комплексного потенциала
|
| 610 |
1 |
|
|a труды учёных ТПУ
|
| 700 |
|
1 |
|a Васильева
|b О. В.
|c специалист в области теоретической электротехники
|c доцент Томского политехнического университета, кандидат технических наук
|f 1983-
|g Ольга Владимировна
|y Томск
|3 (RuTPU)RU\TPU\pers\25323
|9 11305
|
| 701 |
|
1 |
|a Исаев
|b Ю. Н.
|c специалист в области электротехники
|c профессор Томского политехнического университета, доктор физико-математических наук
|f 1960-
|g Юсуп Ниязбекович
|3 (RuTPU)RU\TPU\pers\25324
|9 11306
|
| 801 |
|
1 |
|a RU
|b 63413507
|c 20100111
|
| 942 |
|
|
|c BK
|